Comuni dell'Emilia-Romagna - Statistics

Statistiche generali
  • Questo quiz è stato fatto 236 volte
  • Il punteggio medio è 96 su 330
Risposte nella Mappa
Le risposte nella mappa del quiz sottostante sono codificate secondo una scala di colori dal rosso al verde in base alla % di persone che hanno risposto correttamente.
 
Statistiche sulle risposte
Provincia Comune % Corretto
BO Bologna
90%
PC Piacenza
88%
FC Cesena
85%
PR Parma
85%
RE Reggio nell'Emilia
85%
RA Ravenna
83%
RN Rimini
82%
FE Ferrara
81%
FC Forlì
81%
BO Imola
81%
MO Modena
81%
RN Riccione
70%
RA Faenza
69%
MO Sassuolo
66%
MO Carpi
65%
FE Comacchio
62%
FC Cesenatico
61%
RA Cervia
60%
BO Casalecchio di Reno
58%
RN Cattolica
58%
RA Lugo
56%
BO Budrio
55%
PR Fidenza
55%
BO Medicina
53%
BO San Lazzaro di Savena
53%
RN Bellaria-Igea Marina
51%
FE Cento
51%
PC Bobbio
50%
FC Forlimpopoli
50%
BO Sasso Marconi
50%
FE Argenta
49%
MO Castelfranco Emilia
48%
BO Castel San Pietro Terme
48%
BO Sant'Agata Bolognese
48%
MO Maranello
47%
BO Ozzano dell'Emilia
47%
BO San Giovanni in Persiceto
47%
BO Castenaso
45%
BO Anzola dell'Emilia
44%
RA Bagnacavallo
44%
RE Correggio
44%
BO Marzabotto
44%
BO Bentivoglio
43%
RA Castel Bolognese
43%
PC San Giorgio Piacentino
43%
RA Brisighella
42%
BO Castel Maggiore
42%
BO Crevalcore
42%
BO Dozza
42%
MO Mirandola
42%
BO Monghidoro
42%
FC Predappio
42%
BO Valsamoggia
42%
BO Zola Predosa
42%
FC Bagno di Romagna
41%
MO Castelvetro di Modena
41%
PC Castelvetro Piacentino
41%
BO Molinella
41%
RA Alfonsine
40%
BO Calderara di Reno
40%
BO Castel Guelfo di Bologna
40%
BO Pianoro
40%
BO Alto Reno Terme
39%
BO Castel del Rio
39%
FE Goro
39%
FC Portico e San Benedetto
39%
RA Russi
39%
BO Sala Bolognese
39%
BO Argelato
38%
FE Bondeno
38%
PC Castel San Giovanni
38%
BO Castiglione dei Pepoli
38%
FE Codigoro
38%
BO Granarolo dell'Emilia
38%
BO Monterenzio
38%
BO Monzuno
38%
BO Pieve di Cento
38%
RE Reggiolo
38%
BO Castello d'Argile
36%
PC Fiorenzuola d'Arda
36%
MO Zocca
36%
BO Borgo Tossignano
35%
RA Conselice
35%
BO Gaggio Montano
35%
BO Grizzana Morandi
35%
BO Loiano
35%
BO Malalbergo
35%
MO Nonantola
35%
BO San Pietro in Casale
35%
RE Scandiano
35%
BO Vergato
35%
BO Baricella
34%
RE Bibbiano
34%
BO Castel d'Aiano
34%
MO Finale Emilia
34%
BO Minerbio
34%
BO San Benedetto Val di Sambro
34%
RN Santarcangelo di Romagna
34%
BO Castel di Casio
33%
BO Monte San Pietro
33%
BO Mordano
33%
MO Pavullo nel Frignano
33%
MO San Felice sul Panaro
33%
MO Sestola
33%
PC Agazzano
32%
RA Bagnara di Romagna
32%
BO Camugnano
32%
BO Lizzano in Belvedere
32%
RN San Leo
32%
MO Vignola
32%
PR Busseto
31%
BO Casalfiumanese
31%
FE Copparo
31%
RA Cotignola
31%
BO Fontanelice
31%
MO Formigine
31%
RA Massa Lombarda
31%
RN Misano Adriatico
31%
BO San Giorgio di Piano
31%
PC Alseno
30%
MO Fiorano Modenese
30%
RA Fusignano
30%
RA Riolo Terme
30%
FC Bertinoro
29%
RE Brescello
29%
BO Galliera
29%
FE Portomaggiore
29%
FE Riva del Po
29%
PC Caorso
28%
PC Castell'Arquato
28%
FC Castrocaro Terme e Terra del Sole
28%
FC Gatteo
28%
MO Soliera
28%
MO Spilamberto
28%
MO Campogalliano
27%
RE Guastalla
27%
FE Jolanda di Savoia
27%
RA Solarolo
27%
PC Bettola
26%
MO Bomporto
26%
PR Borgo Val di Taro
26%
RE Canossa
26%
MO Medolla
26%
MO Novi di Modena
26%
FE Ostellato
26%
FC Premilcuore
26%
RE Casalgrande
25%
RA Casola Valsenio
25%
MO Concordia sulla Secchia
25%
FC Meldola
25%
RN Morciano di Romagna
25%
FE Poggio Renatico
25%
FC San Mauro Pascoli
25%
FC Savignano sul Rubicone
25%
PC Alta Val Tidone
24%
PR Berceto
24%
PC Borgonovo Val Tidone
24%
RE Castellarano
24%
MO Castelnuovo Rangone
24%
MO Cavezzo
24%
RE Cavriago
24%
MO Fanano
24%
RE Montecchio Emilia
24%
RE Novellara
24%
RN Pennabilli
24%
RN San Giovanni in Marignano
24%
MO San Prospero
24%
RA Sant'Agata sul Santerno
24%
FE Vigarano Mainarda
24%
FE Voghiera
24%
PR Bardi
23%
PC Besenzone
23%
PR Bore
23%
RN Coriano
23%
PR Fontanellato
23%
MO Guiglia
23%
PR Salsomaggiore Terme
23%
RN Sant'Agata Feltria
23%
RN Verucchio
23%
PC Zerba
23%
PR Bedonia
22%
PC Cadeo
22%
MO Camposanto
22%
RE Casina
22%
RN Casteldelci
22%
PR Collecchio
22%
PR Colorno
22%
FE Fiscaglia
22%
MO Fiumalbo
22%
MO Marano sul Panaro
22%
FE Mesola
22%
RN Montescudo-Monte Colombo
22%
MO Montese
22%
PC Ponte dell'Olio
22%
PC Pontenure
22%
RE Rubiera
22%
MO Savignano sul Panaro
22%
FE Terre del Reno
22%
MO Bastiglia
21%
PC Carpaneto Piacentino
21%
PC Cortemaggiore
21%
PC Ferriere
21%
PR Fornovo di Taro
21%
FE Masi Torello
21%
MO Pievepelago
21%
MO San Possidonio
21%
PR Langhirano
20%
MO Montecreto
20%
RN Montegridolfo
20%
RN Novafeltria
20%
PC Rivergaro
20%
PC Rottofreno
20%
RN San Clemente
20%
MO Serramazzoni
20%
PC Villanova sull'Arda
20%
PR Albareto
19%
RE Albinea
19%
PC Calendasco
19%
RE Castelnovo ne' Monti
19%
PC Cerignale
19%
FC Civitella di Romagna
19%
PC Coli
19%
PC Corte Brugnatella
19%
FC Dovadola
19%
PC Farini
19%
PR Fontevivo
19%
PR Medesano
19%
RN Mondaino
19%
RN Montefiore Conca
19%
PC Monticelli d'Ongina
19%
PC Ottone
19%
MO Palagano
19%
MO Polinago
19%
MO Prignano sulla Secchia
19%
MO Ravarino
19%
RE Rolo
19%
PR Sala Baganza
19%
RN Saludecio
19%
MO San Cesario sul Panaro
19%
RE Sant'Ilario d'Enza
19%
PR Sissa Trecasali
19%
PR Solignano
19%
PR Soragna
19%
PR Sorbolo Mezzani
19%
FE Tresignana
19%
RE Villa Minozzo
19%
RE Bagnolo in Piano
18%
RE Boretto
18%
PR Corniglio
18%
MO Frassinoro
18%
FC Gambettola
18%
RN Gemmano
18%
PC Gropparello
18%
FE Lagosanto
18%
RE Luzzara
18%
PC Morfasso
18%
PR Noceto
18%
PC Podenzano
18%
RN Poggio Torriana
18%
PR Polesine Zibello
18%
FC Sarsina
18%
RN Sassofeltrio
18%
PR Traversetolo
18%
PC Vernasca
18%
FC Borghi
17%
RE Cadelbosco di Sopra
17%
RE Campagnola Emilia
17%
RE Campegine
17%
RE Castelnovo di Sotto
17%
RE Fabbrico
17%
PR Felino
17%
PC Gazzola
17%
PC Gossolengo
17%
MO Lama Mocogno
17%
FC Modigliana
17%
PR Monchio delle Corti
17%
PR Montechiarugolo
17%
MO Montefiorino
17%
PC Pianello Val Tidone
17%
MO Riolunato
17%
PC San Pietro in Cerro
17%
FC Santa Sofia
17%
PC Sarmato
17%
PC Travo
17%
PR Valmozzola
17%
RE Ventasso
17%
FC Verghereto
17%
PC Ziano Piacentino
17%
RE Baiso
16%
RE Gualtieri
16%
PC Lugagnano Val d'Arda
16%
RN Maiolo
16%
RN Montecopiolo
16%
PC Piozzano
16%
RN Talamello
16%
PR Torrile
16%
FC Tredozio
16%
PR Varsi
16%
PR Calestano
15%
RE Carpineti
15%
RE Gattatico
15%
PC Gragnano Trebbiense
15%
PR Lesignano de' Bagni
15%
PR Palanzano
15%
RE Quattro Castella
15%
RE Rio Saliceto
15%
PR Roccabianca
15%
FC Rocca San Casciano
15%
RE San Martino in Rio
15%
RE San Polo d'Enza
15%
PR San Secondo Parmense
15%
FC Sogliano al Rubicone
15%
RE Toano
15%
PR Varano de' Melegari
15%
PC Vigolzone
15%
PR Compiano
14%
FC Longiano
14%
FC Mercato Saraceno
14%
FC Montiano
14%
RE Poviglio
14%
FC Galeata
13%
PR Neviano degli Arduini
13%
PR Tizzano Val Parma
13%
PR Tornolo
13%
RE Vezzano sul Crostolo
13%
RE Viano
13%
FC Roncofreddo
12%
PR Terenzo
12%
RE Vetto
11%
PR Pellegrino Parmense
10%
Nessun quiz corrispondente trovato
Distribuzione punteggi
Percentuale di utenti per punteggio
Percentile per numero di risposta
I tuoi punteggi nel tempo
Non hai fatto questo quiz